01302cam a22003854i 4500003000900000005001700009008004100026035001900067040003300086082002500119130004200144212002300186242010100209245015300310264006400463300004100527336002100568337002500589338002300614505007600637526001000713526001000723526001000733526001000743526000800753526000800761526000800769526000800777526000800785526000800793526000800801630004200809700003500851700003000886PE-LiUPU20250731173205.0150625s1966 miu r 000 0 spa d a(Sirsi) a31048 aPE-LiUPUbspacPE-LiUPUerda04a220.428bK5619662211 aBiblia.lIngléssAutorizada.f1945. aBiblia: King James03aLa santa biblia, conteniendo el antiguo y nuevo Testamento de la versión autorizada King James04aThe Holy Bible,pContaining the Old and New Testament Autorized King James Version /cManford G. Gutzke Editor Jefe, Roy A. Helton Asistente editor. 1aGran Rapids, Michigan :bZordervan publishing House,c1966. a1194 páginas ;c22.5 centímetros atext2rdacontent aunmediated2rdamedia avolume2rdacarrier0 aNew enciclopedic reference edition. Desde Genesis hasta el apocalipsis. aSEG42 aSEG41 aSEG40 aSEG39 aP94 aP87 aP86 aP85 aP77 aP76 aP35 aBiblia.lIngléssAutorizada.f1945.1 aGutzke, Mandford G., eeditor.1 aHelton, Roy A., eeditor.